| 000 | 00848nab a2200253 u 4500 | ||
|---|---|---|---|
| 001 | 12386 | ||
| 003 | HDC | ||
| 007 | cr bn ---aaaaa | ||
| 008 | 210209c20121120my dr|nes 0 a may d | ||
| 040 | _aHDC | ||
| 245 | 0 | _aMIDF, Biotech Corp bekerjasama untuk program skim pinjaman baru | |
| 260 |
_aKuala Lumpur : _bUtusan Melayu (M) Bhd., _c2012 |
||
| 336 |
_atext _2rdacontent |
||
| 337 |
_acomputer _2rdamedia |
||
| 338 |
_aonline resource _2rdacarrier |
||
| 650 |
_aBiotech Corporation _912976 |
||
| 650 |
_afinancing assistance _912978 |
||
| 650 |
_anew loan scheme _912977 |
||
| 710 | _aUtusan Malaysia | ||
| 856 | _zRequest full-text at [email protected] | ||
| 942 | _2lcc | ||
| 942 | _cNEWS | ||
| 942 | _kNWSC 000160 | ||
| 999 |
_c9709 _d9709 |
||